Statistics for Melbourne Suburbs with Highest Income

Click here to take the quiz!

General Stats

  • This quiz has been taken 55 times
  • The average score is 10 of 20

Answers on the Map

Answers color-coded by a green-red scale on the quiz's map according to % correct below.
 

Answer Stats

Median Weekly IncomeSuburb% Correct
$1,427Toorak
94%
$1,265Brighton
73%
$1,356Richmond
73%
$1,307South Melbourne
73%
$1,333Albert Park
71%
$1,326Malvern
71%
$1,395South Yarra
69%
$1,366Port Melbourne
63%
$1,354Armadale
58%
$1,338Collingwood
54%
$1,364Elwood
52%
$1,378Prahran
52%
$1,265Fitzroy
48%
$1,278Windsor
46%
$1,354Abbotsford
35%
$1,246Yarraville
27%
$1,246Kensington
25%
$1,274Seddon
25%
$1,388Clifton Hill
23%
$1,252Brunswick East
17%

Score Distribution

Percentile by Number Answered

Percent of People with Each Score

Your Score History

You have not taken this quiz